[Event "Titled Tuesday intern op 25th Jul Late"]
[Site "Chess.com INT"]
[Date "2023.07.25"]
[Round "7"]
[White "Kevlishvili, Robby"]
[Black "Erdogmus, Yagiz Kaan"]
[Result "1-0"]
[WhiteElo "2529"]
[BlackElo "2483"]
[PlyCount "103"]
[EventDate "2023.07.25"]
[EventType "swiss (blitz)"]
[EventRounds "11"]
[EventCountry "USA"]
[SourceTitle "EXT 2024"]
[Source "ChessBase"]
[SourceDate "2023.10.10"]
[SourceVersion "1"]
[SourceVersionDate "2023.10.10"]
[SourceQuality "1"]

1. Nf3 c5 2. g3 Nc6 3. Bg2 g6 4. c4 Bg7 5. 0-0 e6 6. Nc3 Nge7 7. d3 0-0 8. Qd2 d5 9. b3 b6 10. Bb2 Bb7 11. Rad1 d4 12. Ne4 f5 13. Neg5 Qd7 14. e3 h6 15. Nh3 g5 16. Ne1 e5 17. Kh1 e4 18. Ng1 Qe6 19. Nc2 exd3 20. Qxd3 Ne5 21. Qd2 Bxg2+ 22. Kxg2 Qc6+ 23. f3 dxe3 24. Nxe3 N7g6 25. Qd5+ Qxd5 26. Nxd5 Rad8 27. Rfe1 Rfe8 28. Nh3 Kf7 29. f4 gxf4 30. Nhxf4 Nxf4+ 31. Nxf4 Nxc4 32. Rxd8 Rxe1 33. Bxg7 Kxg7 34. bxc4 Ra1 35. Rd7+ Kf6 36. Rxa7 Ke5 37. Ra6 Kd4 38. Rxb6 Rxa2+ 39. Kh3 Kxc4 40. Rxh6 Kd4 41. Ne6+ Kd5 42. Nxc5 Kxc5 43. Rh5 Rf2 44. g4 Kd4 45. Rxf5 Ra2 46. Kg3 Ke4 47. Rf4+ Ke5 48. h4 Ra3+ 49. Rf3 Ra8 50. h5 Ra1 51. Kh4 Ke4 52. Rf8 1-0

[Event "TUR-chT"]
[Site "Ankara"]
[Date "2023.07.17"]
[Round "8.6"]
[White "Kilic, Eray"]
[Black "Erdogmus, Yagiz Kaan"]
[Result "1/2-1/2"]
[WhiteElo "2422"]
[BlackElo "2483"]
[PlyCount "95"]
[EventDate "2023.07.10"]
[EventType "team-tourn"]
[EventRounds "11"]
[EventCountry "TUR"]
[SourceTitle "EXT 2024"]
[Source "ChessBase"]
[SourceDate "2023.10.10"]
[SourceVersion "1"]
[SourceVersionDate "2023.10.10"]
[SourceQuality "1"]
[WhiteTeam "Gokturk"]
[BlackTeam "Bursa Buyuksehir"]
[WhiteTeamCountry "TUR"]
[BlackTeamCountry "TUR"]

1. e4 c5 2. Nf3 Nc6 3. d4 cxd4 4. Nxd4 Nf6 5. Nc3 d6 6. Bg5 e6 7. Qd2 a6 8. Rd1 Bd7 9. Be2 h6 10. Be3 b5 11. a3 Be7 12. f4 0-0 13. 0-0 Qc7 14. Nb3 Rfc8 15. g4 Be8 16. h4 d5 17. exd5 Nxd5 18. Nxd5 exd5 19. Qxd5 Bxh4 20. Bd3 Ne7 21. Qe4 Ng6 22. Nd4 Bf6 23. Rd2 Bxd4 24. Qxd4 Bc6 25. Bxg6 fxg6 26. Qd6 Qf7 27. f5 Be4 28. fxg6 Qxg6 29. Qxg6 Bxg6 30. Rd7 Rd8 31. Rfd1 Rxd7 32. Rxd7 Rf8 33. Bd4 Rf7 34. Rxf7 Kxf7 35. c4 bxc4 36. Kf2 h5 37. gxh5 Bxh5 38. Kg3 g5 39. Bc3 Ke6 40. Bd2 Kf5 41. Bc3 Bd1 42. Bd2 g4 43. Bc3 Ke4 44. Bh8 Kd3 45. Bc3 Kc2 46. Bh8 a5 47. Bc3 a4 48. Bh8 1/2-1/2

[Event "TUR-chT"]
[Site "Ankara"]
[Date "2023.07.16"]
[Round "7.1"]
[White "Visakh, Narayanan Rajeswari"]
[Black "Erdogmus, Yagiz Kaan"]
[Result "1/2-1/2"]
[WhiteElo "2536"]
[BlackElo "2483"]
[PlyCount "60"]
[EventDate "2023.07.10"]
[EventType "team-tourn"]
[EventRounds "11"]
[EventCountry "TUR"]
[SourceTitle "EXT 2024"]
[Source "ChessBase"]
[SourceDate "2023.10.10"]
[SourceVersion "1"]
[SourceVersionDate "2023.10.10"]
[SourceQuality "1"]
[WhiteTeam "Tas Duvar"]
[BlackTeam "Bursa Buyuksehir"]
[WhiteTeamCountry "TUR"]
[BlackTeamCountry "TUR"]

1. Nf3 d5 2. e3 Nf6 3. c4 e6 4. Nc3 b6 5. b3 Bb7 6. Bb2 Nbd7 7. Rc1 a6 8. cxd5 exd5 9. Ne2 c5 10. g3 Bd6 11. Bg2 0-0 12. 0-0 b5 13. d4 c4 14. Ne5 Nb6 15. Bc3 Rb8 16. Ba5 Bc7 17. Nf4 Nbd7 18. Nxd7 Qxd7 19. Bxc7 Qxc7 20. Nd3 Nd7 21. b4 a5 22. a3 axb4 23. axb4 Ra8 24. Nc5 Nxc5 25. dxc5 Qe5 26. Ra1 Bc6 27. Qd4 Qxd4 28. exd4 f6 29. Bh3 Kf7 30. Rfe1 Rfe8 1/2-1/2

[Event "TUR-chT"]
[Site "Ankara"]
[Date "2023.07.13"]
[Round "4.5"]
[White "Erdogmus, Yagiz Kaan"]
[Black "Safarli, Eltaj"]
[Result "1/2-1/2"]
[WhiteElo "2483"]
[BlackElo "2607"]
[PlyCount "48"]
[EventDate "2023.07.10"]
[EventType "team-tourn"]
[EventRounds "11"]
[EventCountry "TUR"]
[SourceTitle "EXT 2024"]
[Source "ChessBase"]
[SourceDate "2023.10.10"]
[SourceVersion "1"]
[SourceVersionDate "2023.10.10"]
[SourceQuality "1"]
[WhiteTeam "Bursa Buyuksehir"]
[BlackTeam "Apaydin"]
[WhiteTeamCountry "TUR"]
[BlackTeamCountry "TUR"]

1. d4 d5 2. c4 e6 3. Nf3 Nf6 4. Nc3 Be7 5. Bg5 h6 6. Bh4 0-0 7. e3 Ne4 8. Bxe7 Qxe7 9. Rc1 c6 10. Bd3 Nxc3 11. Rxc3 dxc4 12. Bxc4 Nd7 13. 0-0 e5 14. dxe5 Nxe5 15. Nxe5 Qxe5 16. Qb3 Qe7 17. Rd1 Bf5 18. Bd3 Be6 19. Bc4 Bf5 20. Bd3 Be6 21. Bc4 Bf5 22. Bd3 Be6 23. Bc4 Bf5 24. Bd3 Be6 1/2-1/2

[Event "TUR-chT"]
[Site "Ankara"]
[Date "2023.07.11"]
[Round "2.4"]
[White "Erdogmus, Yagiz Kaan"]
[Black "Korobov, Anton"]
[Result "0-1"]
[WhiteElo "2483"]
[BlackElo "2667"]
[PlyCount "100"]
[EventDate "2023.07.10"]
[EventType "team-tourn"]
[EventRounds "11"]
[EventCountry "TUR"]
[SourceTitle "EXT 2024"]
[Source "ChessBase"]
[SourceDate "2023.10.10"]
[SourceVersion "1"]
[SourceVersionDate "2023.10.10"]
[SourceQuality "1"]
[WhiteTeam "Bursa Buyuksehir"]
[BlackTeam "Bayegan Pendik"]
[WhiteTeamCountry "TUR"]
[BlackTeamCountry "TUR"]

1. d4 d5 2. c4 e6 3. Nf3 c6 4. g3 dxc4 5. Bg2 b5 6. 0-0 Bb7 7. Nc3 Nf6 8. Ne5 Qc8 9. b3 cxb3 10. Qxb3 Nbd7 11. Ba3 Bxa3 12. Qxa3 a5 13. Qd6 Qb8 14. Qxb8+ Rxb8 15. Nxc6 Bxc6 16. Bxc6 b4 17. Na4 Ke7 18. Rac1 Rhc8 19. e4 Nb6 20. Nxb6 Rxb6 21. Ba4 Rc3 22. Rxc3 bxc3 23. Rc1 Nxe4 24. f3 Rb4 25. Bc6 Nd6 26. Rxc3 Rxd4 27. Ra3 Rc4 28. Ba4 g5 29. Bb3 Rc5 30. Ra4 e5 31. h4 h6 32. hxg5 hxg5 33. f4 gxf4 34. gxf4 e4 35. Kf2 f5 36. Ke3 Rc3+ 37. Ke2 Nb5 38. Rxa5 Nd4+ 39. Kd2 Rd3+ 40. Kc1 Rf3 41. Bd1 Rxf4 42. Kd2 Kf6 43. Rd5 Nf3+ 44. Ke3 Rh4 45. a4 Ng5 46. a5 Ne6 47. Kf2 Rh2+ 48. Ke1 Nf4 49. Rd4 Ke5 50. Ra4 e3 0-1